[Event "17.ETCC 2009"]
[Site "Novi Sad, Serbia"]
[Date "2009.10.23"]
[Round "2.17"]
[White "Blagojevic, Dragisa"]
[Black "Morrison, Graham"]
[Result "1-0"]
[WhiteElo "2546"]
[BlackElo "2353"]
[PlyCount "83"]
[EventDate "2009.10.22"]

1. d4 Nf6 2. c4 e6 3. Nf3 b6 4. g3 Bb7 5. Bg2 Be7 6. O-O O-O 7. Nc3 Ne4 8. Qc2
Nxc3 9. Qxc3 c5 10. Rd1 d6 11. b3 Bf6 12. Bb2 Qe7 13. Qd2 Nc6 14. d5 exd5 15.
Bxf6 Qxf6 16. Qxd5 Rad8 17. Qg5 Qb2 18. Qd2 Qf6 19. Qg5 Qb2 20. Nh4 h6 21. Qd2
Qf6 22. Qf4 Qxf4 23. gxf4 g6 24. Rd2 Na5 25. Rad1 Rfe8 26. Kf1 Re6 27. f5 Bxg2+
28. Kxg2 Re4 29. Kg3 g5 30. Ng2 Nb7 31. f3 Re5 32. e4 f6 33. Ne3 Re7 34. h4 Kg7
35. Rh1 Rh8 36. Rdh2 Ree8 37. Ng4 Nd8 38. hxg5 fxg5 39. Rxh6 Rxh6 40. Rxh6 Nf7
41. Rg6+ Kf8 42. Nf6 1-0

[Event "17.ETCC 2009"]
[Site "Novi Sad, Serbia"]
[Date "2009.10.23"]
[Round "2.17"]
[White "Muir, Andrew J"]
[Black "Djukic, Nikola"]
[Result "1/2-1/2"]
[WhiteElo "2327"]
[BlackElo "2503"]
[PlyCount "109"]
[EventDate "2009.10.22"]

1. d4 Nf6 2. c4 g6 3. Nc3 Bg7 4. e4 d6 5. f3 O-O 6. Be3 a6 7. Qd2 Nbd7 8. Bd3
c5 9. Nge2 e6 10. O-O Qc7 11. b3 cxd4 12. Nxd4 b6 13. Rac1 Bb7 14. Rfd1 Rfe8
15. Bf1 Rad8 16. Qf2 h6 17. b4 g5 18. Na4 Rb8 19. Nb3 Ba8 20. c5 bxc5 21. bxc5
d5 22. c6 Bxc6 23. Nd4 Qa5 24. Nxc6 Qxa4 25. Nxb8 Rxb8 26. exd5 Nxd5 27. Bd4
Ne5 28. Kh1 Rb4 29. Ba1 g4 30. fxg4 Rf4 31. Rd4 Rxf2 32. Rxa4 Ne3 33. Kg1 Rd2
34. h3 Nc2 35. Bxe5 Bxe5 36. Rxa6 Ne3 37. a4 Bd4 38. Rd6 Nf5+ 39. Rxd4 Nxd4 40.
a5 Ra2 41. a6 e5 42. Rc7 Ne6 43. Rd7 Nc5 44. Rd5 Nxa6 45. Rxe5 Nb4 46. Bc4 Rc2
47. Rc5 Kg7 48. g5 h5 49. Rc7 Nd5 50. Rd7 Ne3 51. Bxf7 Rxg2+ 52. Kh1 Rxg5 53.
Bxh5+ Kh8 54. Bg4 Nxg4 55. hxg4 1/2-1/2

[Event "17.ETCC 2009"]
[Site "Novi Sad, Serbia"]
[Date "2009.10.23"]
[Round "2.17"]
[White "Drasko, Milan"]
[Black "Tate, Alan"]
[Result "1-0"]
[WhiteElo "2527"]
[BlackElo "2175"]
[PlyCount "81"]
[EventDate "2009.10.22"]

1. Nf3 g6 2. g3 Bg7 3. d4 Nf6 4. Bg2 O-O 5. c4 d5 6. O-O dxc4 7. Na3 Nc6 8.
Nxc4 Be6 9. b3 a5 10. Bb2 Bd5 11. Ne3 Be4 12. a3 Qe8 13. Nc4 Bd5 14. Rc1 Rd8
15. e3 Ne4 16. Qe2 e6 17. Rfd1 Qe7 18. Ne1 f5 19. f3 Nf6 20. e4 Bxc4 21. bxc4
fxe4 22. fxe4 e5 23. d5 Nd4 24. Bxd4 exd4 25. Rb1 b6 26. e5 Rde8 27. Nd3 Nd7
28. e6 Qxa3 29. Rf1 Nc5 30. Rxf8+ Bxf8 31. Be4 Bh6 32. Kh1 Be3 33. Nxc5 Qxc5
34. Qg4 Qf8 35. Kg2 Qf2+ 36. Kh3 Qf6 37. Bd3 Qg5 38. c5 Qxg4+ 39. Kxg4 bxc5 40.
Rb7 Bh6 41. Bb5 1-0

[Event "17.ETCC 2009"]
[Site "Novi Sad, Serbia"]
[Date "2009.10.23"]
[Round "2.17"]
[White "Stevenson, James"]
[Black "Kalezic, Blazo"]
[Result "0-1"]
[WhiteElo "2089"]
[BlackElo "2459"]
[PlyCount "68"]
[EventDate "2009.10.22"]

1. b3 e5 2. Bb2 Nc6 3. e3 d6 4. c4 g6 5. Nf3 Bg7 6. d4 e4 7. Nfd2 f5 8. Nc3 Nf6
9. Be2 O-O 10. a3 a5 11. Qc2 Bd7 12. O-O-O Ne7 13. f3 exf3 14. Bxf3 Bc6 15. d5
Bd7 16. h3 c6 17. dxc6 bxc6 18. Kb1 Rb8 19. Ka2 Be6 20. Ne2 Qb6 21. Nd4 Bf7 22.
a4 Nd7 23. Bc3 d5 24. Be2 Rfe8 25. Rhe1 Ne5 26. Ba1 c5 27. Nb5 N7c6 28. Kb1 d4
29. exd4 Nxd4 30. Bxd4 cxd4 31. Nf3 Qf6 32. Bd3 Nc6 33. Rxe8+ Rxe8 34. Re1 Re3
0-1

[Event "17.ETCC 2009"]
[Site "Novi Sad, Serbia"]
[Date "2009.10.24"]
[Round "3.18"]
[White "Morrison, Graham"]
[Black "Hautot, Stephane"]
[Result "1/2-1/2"]
[WhiteElo "2353"]
[BlackElo "2420"]
[PlyCount "92"]
[EventDate "2009.10.22"]

1. d4 d5 2. c4 c6 3. Nf3 Nf6 4. e3 Bf5 5. Nc3 e6 6. Nh4 Be4 7. f3 Bg6 8. Qb3
Qb6 9. Nxg6 hxg6 10. Bd2 Nbd7 11. g3 Be7 12. O-O-O Qxb3 13. axb3 O-O-O 14. Kc2
Rh5 15. Be1 Bd6 16. h3 g5 17. Bg2 Rhh8 18. Bf2 Kb8 19. c5 Bc7 20. b4 a6 21. e4
Nh5 22. Ne2 Nf8 23. h4 gxh4 24. Rxh4 Ng6 25. Rh3 Nf6 26. e5 Rxh3 27. Bxh3 Nd7
28. f4 Rh8 29. Rh1 f5 30. exf6 gxf6 31. Bg2 Rxh1 32. Bxh1 f5 33. Bf3 Nf6 34.
Nc3 Ne7 35. Be1 Kc8 36. Ne2 Kd7 37. Kd3 Neg8 38. Nc1 Ne4 39. Ke2 Ngf6 40. Nd3
Ke7 41. Nc1 Kf7 42. Nb3 Kg6 43. Na5 Bxa5 44. bxa5 Ng4 45. Bxg4 fxg4 46. Ke3 Kf5
1/2-1/2

[Event "17.ETCC 2009"]
[Site "Novi Sad, Serbia"]
[Date "2009.10.24"]
[Round "3.18"]
[White "Saiboulatov, Daniyal"]
[Black "Muir, Andrew J"]
[Result "1-0"]
[WhiteElo "2395"]
[BlackElo "2327"]
[PlyCount "69"]
[EventDate "2009.10.22"]

1. e4 c5 2. Nf3 Nc6 3. d4 cxd4 4. Nxd4 Nf6 5. Nc3 d6 6. f3 e6 7. Be3 Be7 8. g4
a6 9. Qd2 O-O 10. O-O-O Nxd4 11. Bxd4 b5 12. g5 Nd7 13. h4 Bb7 14. Rg1 b4 15.
Ne2 a5 16. Ng3 Ne5 17. Qf2 Qc7 18. f4 Nc4 19. f5 Rfc8 20. f6 Bf8 21. fxg7 Bxg7
22. Bxg7 Kxg7 23. Bxc4 Qxc4 24. Rgf1 Rc7 25. Rxd6 Rac8 26. Qf6+ Kg8 27. Rd8+
Rxd8 28. Qxd8+ Kg7 29. Nh5+ Kg6 30. Nf4+ Kg7 31. Nxe6+ Kg6 32. Rf6+ Kh5 33.
Qd1+ Kxh4 34. Rf4+ Kg3 35. Qg4+ 1-0

[Event "17.ETCC 2009"]
[Site "Novi Sad, Serbia"]
[Date "2009.10.24"]
[Round "3.18"]
[White "Tate, Alan"]
[Black "Cekro, Ekrem"]
[Result "1-0"]
[WhiteElo "2175"]
[BlackElo "2380"]
[PlyCount "63"]
[EventDate "2009.10.22"]

1. e4 g6 2. d4 Bg7 3. Nc3 c6 4. h3 d6 5. Be3 Nd7 6. Qd2 b5 7. Nf3 Qc7 8. Bd3
Nb6 9. O-O Nf6 10. Bh6 O-O 11. Qg5 b4 12. Ne2 c5 13. c3 bxc3 14. bxc3 Re8 15.
e5 dxe5 16. dxe5 Nh5 17. Bxg7 Nxg7 18. Be4 Bb7 19. Bxb7 Qxb7 20. Qe3 Nd5 21.
Qe4 f5 22. Qc4 e6 23. Rab1 Qe7 24. Rb5 Rac8 25. Rfb1 Rc7 26. a4 Rd8 27. a5 Kf7
28. Ne1 Ne8 29. Nd3 Rdc8 30. Nec1 Qg5 31. Ne2 Qe7 32. Nef4 1-0

[Event "17.ETCC 2009"]
[Site "Novi Sad, Serbia"]
[Date "2009.10.24"]
[Round "3.18"]
[White "Docx, Stefan"]
[Black "Stevenson, James"]
[Result "1/2-1/2"]
[WhiteElo "2384"]
[BlackElo "2089"]
[PlyCount "81"]
[EventDate "2009.10.22"]

1. Nf3 d6 2. d4 f5 3. g3 g6 4. Bg2 Nf6 5. O-O Bg7 6. b4 O-O 7. Bb2 e5 8. dxe5
Ng4 9. Qd5+ Kh8 10. Rd1 Qe8 11. Nbd2 Nxe5 12. Nxe5 dxe5 13. b5 c6 14. bxc6 Nxc6
15. Nc4 Be6 16. Nd6 Bxd5 17. Nxe8 Bxg2 18. Nxg7 Kxg7 19. Kxg2 Rfd8 20. c4 Kf7
21. Rd5 Rxd5 22. cxd5 Nb4 23. Bxe5 Nxd5 24. Bd4 Ke6 25. f3 Nb4 26. Rb1 Nc6 27.
Be3 b6 28. h4 Rc8 29. h5 Ne5 30. hxg6 hxg6 31. Kf2 Rc2 32. Ra1 Nd3+ 33. Kf1 Ne5
34. Ke1 Nc4 35. Bg5 b5 36. Kd1 Rc3 37. Bh6 b4 38. Bg7 Ne3+ 39. Kd2 Nc4+ 40. Ke1
Rc2 41. Kd1 1/2-1/2

[Event "17.ETCC 2009"]
[Site "Novi Sad, Serbia"]
[Date "2009.10.25"]
[Round "4.17"]
[White "Muir, Andrew J"]
[Black "Stojanovic, Dalibor"]
[Result "1/2-1/2"]
[WhiteElo "2327"]
[BlackElo "2469"]
[PlyCount "35"]
[EventDate "2009.10.22"]

1. d4 g6 2. e4 Bg7 3. c4 d6 4. Nc3 Nc6 5. Be3 e5 6. d5 Nce7 7. g4 Nf6 8. f3 c5
9. h4 h5 10. g5 Nh7 11. Bh3 O-O 12. Bxc8 Nxc8 13. Nh3 a6 14. Qe2 Rb8 15. a4 Nb6
16. O-O Na8 17. Kg2 a5 18. Kh2 1/2-1/2

[Event "17.ETCC 2009"]
[Site "Novi Sad, Serbia"]
[Date "2009.10.25"]
[Round "4.17"]
[White "Bogut, Zeljko"]
[Black "Tate, Alan"]
[Result "1/2-1/2"]
[WhiteElo "2442"]
[BlackElo "2175"]
[PlyCount "210"]
[EventDate "2009.10.22"]

1. e4 c5 2. Nf3 d6 3. d4 Nf6 4. Nc3 cxd4 5. Qxd4 a6 6. Nd5 Nc6 7. Nxf6+ gxf6 8.
Qd3 f5 9. Bd2 fxe4 10. Qxe4 Bg7 11. c3 Qa5 12. Bc4 Bf5 13. Qe2 Ne5 14. Nxe5
Qxe5 15. Be3 Rc8 16. Rd1 Be6 17. Bxe6 Qxe6 18. O-O Rc4 19. Rfe1 Rg4 20. Qf3 Re4
21. Bd2 f5 22. Qh3 O-O 23. Rxe4 Qxe4 24. Re1 Qd5 25. Bh6 Bxh6 26. Qxh6 Rf6 27.
Qe3 Rg6 28. g3 e5 29. b3 e4 30. c4 Qe5 31. Qa7 Qe7 32. Qd4 Qf6 33. Qb6 Qe7 34.
Rd1 f4 35. Qd4 fxg3 36. hxg3 e3 37. Qxe3 Qxe3 38. fxe3 Rxg3+ 39. Kf2 Rg6 40. e4
Kf7 41. Rh1 h6 42. Ke3 Ke6 43. Kd4 Rf6 44. b4 b6 45. a4 Rg6 46. Rh5 Kd7 47. a5
bxa5 48. Rxa5 Rg1 49. Rxa6 Rd1+ 50. Ke3 Re1+ 51. Kf3 Rf1+ 52. Ke2 Rc1 53. Ra7+
Ke6 54. Rc7 Rb1 55. b5 Rb3 56. Kd2 Ke5 57. Kc2 Rg3 58. b6 Rg8 59. b7 Rb8 60.
Kd3 h5 61. Re7+ Kf6 62. Rd7 Ke5 63. Rh7 h4 64. Rh5+ Kf6 65. Rh7 h3 66. Ke3 h2
67. Rh6+ Ke5 68. Rh5+ Kf6 69. Kd4 Rxb7 70. Rxh2 Rb1 71. Rh6+ Ke7 72. Kc3 Re1
73. Rh4 Ke6 74. Kd2 Rg1 75. Rh5 Rg3 76. Rd5 Rh3 77. Rd3 Rh1 78. Kc3 Rb1 79. Rd2
Re1 80. Kd4 Ra1 81. Rh2 Rd1+ 82. Kc3 Re1 83. Kd3 Rd1+ 84. Rd2 Rh1 85. Kd4 Ra1
86. Rd3 Rc1 87. Ra3 Rd1+ 88. Ke3 Re1+ 89. Kf3 Rc1 90. Ra4 Ke5 91. Ke3 Rc3+ 92.
Kd2 Rh3 93. Ra5+ Ke6 94. Rd5 Rh2+ 95. Kc3 Rh3+ 96. Rd3 Rh1 97. Rg3 Re1 98. Kd4
Rd1+ 99. Ke3 Rc1 100. Rg6+ Ke5 101. Rg5+ Ke6 102. Kd3 Rd1+ 103. Kc3 Re1 104.
Kd3 Rd1+ 105. Ke3 Rc1 1/2-1/2

[Event "17.ETCC 2009"]
[Site "Novi Sad, Serbia"]
[Date "2009.10.25"]
[Round "4.17"]
[White "Stevenson, James"]
[Black "Galic, Ivan"]
[Result "1/2-1/2"]
[WhiteElo "2089"]
[BlackElo "2378"]
[PlyCount "92"]
[EventDate "2009.10.22"]

1. d4 Nf6 2. Nf3 c5 3. e3 d5 4. Bd3 cxd4 5. exd4 Bg4 6. h3 Bh5 7. c3 Nbd7 8.
O-O e6 9. Bf4 Be7 10. Nbd2 Qb6 11. Qb3 O-O 12. Rfe1 Bg6 13. Bxg6 hxg6 14. Ne5
Rac8 15. Ndf3 Qa6 16. Nxd7 Nxd7 17. Rad1 b5 18. a3 Bf6 19. Be5 Be7 20. Bg3 Nb6
21. Ne5 Rfd8 22. Qc2 Qb7 23. Qe2 Nc4 24. Nxf7 Kxf7 25. Qxe6+ Kf8 26. Qxg6 Bf6
27. b3 Nb6 28. Rd3 Kg8 29. Rf3 Qf7 30. Qg4 Re8 31. Re5 Nd7 32. Ref5 Rc6 33. Be5
Qe6 34. Re3 Bxe5 35. dxe5 Rf8 36. Rxf8+ Nxf8 37. Qd4 Rc7 38. f4 Rd7 39. g4 Qe7
40. f5 Qxa3 41. e6 Re7 42. Qxd5 Qc1+ 43. Kf2 Qc2+ 44. Kg3 Qc1 45. Kf2 Qc2+ 46.
Kg3 Qc1 1/2-1/2

[Event "17.ETCC 2009"]
[Site "Novi Sad, Serbia"]
[Date "2009.10.26"]
[Round "5.18"]
[White "Morrison, Graham"]
[Black "Jones, Richard S"]
[Result "0-1"]
[WhiteElo "2353"]
[BlackElo "2321"]
[PlyCount "80"]
[EventDate "2009.10.22"]

1. d4 Nf6 2. c4 g6 3. Nc3 Bg7 4. e4 d6 5. Nf3 O-O 6. Be2 e5 7. O-O Nc6 8. d5
Ne7 9. Ne1 Nd7 10. f3 f5 11. g4 Kh8 12. h4 c6 13. Kg2 Nf6 14. Nd3 b5 15. b3 Rb8
16. a3 a5 17. Nf2 b4 18. axb4 axb4 19. Na4 Bb7 20. Kg3 Neg8 21. Rh1 Bh6 22. Qd3
Bxc1 23. Raxc1 c5 24. Ra1 Ra8 25. Ra2 Qe7 26. Qb1 Rf7 27. Bd3 fxg4 28. fxg4
Raf8 29. Qd1 Nh6 30. Rh2 Bc8 31. g5 Nh5+ 32. Kg2 Nf4+ 33. Kg1 Nxd3 34. Qxd3 Rf3
35. gxh6 Rxd3 36. Nxd3 Rf3 37. Nf2 Qd8 38. Nb2 Rxb3 39. Nbd1 Ra3 40. Rc2 Qf8
0-1

[Event "17.ETCC 2009"]
[Site "Novi Sad, Serbia"]
[Date "2009.10.26"]
[Round "5.18"]
[White "Rees, Ioan"]
[Black "Muir, Andrew J"]
[Result "1/2-1/2"]
[WhiteElo "2336"]
[BlackElo "2327"]
[PlyCount "41"]
[EventDate "2009.10.22"]

1. e4 c5 2. Nf3 Nc6 3. d4 cxd4 4. Nxd4 Nf6 5. Nc3 d6 6. Bc4 Qb6 7. Nxc6 bxc6 8.
O-O g6 9. e5 dxe5 10. Qe2 Bg7 11. Qxe5 O-O 12. Qxe7 Bf5 13. Bb3 Rae8 14. Qd6
Ng4 15. Na4 Qa6 16. Bf4 Rd8 17. Qe7 Bf6 18. Qc5 Bd4 19. Qe7 Bf6 20. Qc5 Bd4 21.
Qe7 1/2-1/2

[Event "17.ETCC 2009"]
[Site "Novi Sad, Serbia"]
[Date "2009.10.26"]
[Round "5.18"]
[White "Tate, Alan"]
[Black "Dineley, Richard"]
[Result "1/2-1/2"]
[WhiteElo "2175"]
[BlackElo "2270"]
[PlyCount "174"]
[EventDate "2009.10.22"]

1. e4 c5 2. Nf3 d6 3. d4 cxd4 4. Nxd4 Nf6 5. Nc3 a6 6. h3 e6 7. g4 d5 8. exd5
Nxd5 9. Nde2 Bb4 10. Bg2 Nc6 11. O-O Nxc3 12. Qxd8+ Nxd8 13. Nxc3 Bd7 14. Ne4
Bc6 15. c3 Be7 16. Rd1 O-O 17. Be3 f5 18. Nd6 f4 19. Bb6 f3 20. Bf1 Bd5 21. Nc4
Nf7 22. Ne3 Bc6 23. Re1 Ng5 24. Nc2 Rac8 25. Ne3 Rfe8 26. Rad1 h6 27. Rc1 Bf6
28. Nc4 Be7 29. Ne5 Bd5 30. c4 Bc6 31. a3 Bf6 32. Bd4 Nf7 33. Nxc6 Rxc6 34.
Rcd1 e5 35. Be3 Rd8 36. c5 Kf8 37. Bc4 Ng5 38. Bd5 Rc7 39. h4 Nh3+ 40. Kh2 Nf4
41. Bxf3 Nd3 42. Re2 Nxc5 43. Rxd8+ Bxd8 44. Rc2 b6 45. b4 Ne6 46. Rxc7 Bxc7
47. Be4 Ke7 48. g5 hxg5 49. hxg5 Nf4 50. Kg3 Ne2+ 51. Kg4 Nc3 52. Bd3 Nd1 53.
Bxa6 Nxe3+ 54. fxe3 Bb8 55. Kf5 Bc7 56. Kg6 Kf8 57. Bc4 Bd6 58. Kf5 Ke7 59. Ke4
Kd7 60. g6 Kc6 61. Kf3 Kd7 62. Bb5+ Ke7 63. Ke4 Bc7 64. Kd5 Kd8 65. e4 Ke7 66.
Kc6 Bd8 67. Bc4 Ke8 68. Bf7+ Ke7 69. a4 Kf8 70. Kd7 Bh4 71. a5 bxa5 72. bxa5
Bf2 73. a6 Bd4 74. Kc7 Ke7 75. Kb7 Kf6 76. a7 Bxa7 77. Kxa7 Kg5 78. Kb6 Kf4 79.
Kc5 Kxe4 80. Kd6 Kf5 81. Kd5 Kf6 82. Ke4 Ke7 83. Kxe5 Kf8 84. Kd5 Ke7 85. Kc6
Kf8 86. Kc7 Ke7 87. Bd5 Kf8 1/2-1/2

[Event "17.ETCC 2009"]
[Site "Novi Sad, Serbia"]
[Date "2009.10.26"]
[Round "5.18"]
[White "Kett, Tim"]
[Black "Stevenson, James"]
[Result "1/2-1/2"]
[WhiteElo "2238"]
[BlackElo "2089"]
[PlyCount "37"]
[EventDate "2009.10.22"]

1. e4 e6 2. d4 d5 3. Nc3 dxe4 4. Nxe4 Bd7 5. Nf3 Bc6 6. Bd3 Nd7 7. O-O Bxe4 8.
Bxe4 c6 9. Qe2 Ngf6 10. Bd3 Qc7 11. Re1 Be7 12. Ne5 O-O 13. Bf4 Bd6 14. Rad1
Rad8 15. c3 Rfe8 16. g4 Nf8 17. g5 N6d7 18. h4 Nxe5 19. Bxe5 1/2-1/2

[Event "17.ETCC 2009"]
[Site "Novi Sad, Serbia"]
[Date "2009.10.27"]
[Round "6.19"]
[White "Muir, Andrew J"]
[Black "Van Hoolandt, Patrick"]
[Result "1/2-1/2"]
[WhiteElo "2327"]
[BlackElo "2229"]
[PlyCount "90"]
[EventDate "2009.10.22"]

1. d4 Nf6 2. c4 e6 3. Nc3 Bb4 4. e3 O-O 5. Bd3 c5 6. a3 Bxc3+ 7. bxc3 Nc6 8.
Ne2 b6 9. e4 Ne8 10. O-O e5 11. f4 d6 12. d5 Na5 13. Ng3 Ba6 14. Nf5 f6 15. Rf3
Bxc4 16. Bxc4 Nxc4 17. Rh3 g6 18. Qg4 Qc7 19. Qg3 Rd8 20. Ra2 Ng7 21. Nxg7 Qxg7
22. fxe5 Nxe5 23. Bh6 Qe7 24. Bxf8 Rxf8 25. a4 c4 26. Qe3 Re8 27. Qd4 Qd7 28.
Re3 Qc7 29. Rb2 Kg7 30. Ree2 Qd7 31. Rb5 Qg4 32. Qe3 Qd7 33. h3 Nd3 34. Qd4 Qc7
35. a5 bxa5 36. Ra2 a6 37. Rbxa5 Nc5 38. Rxc5 Qxc5 39. Qxc5 dxc5 40. Rxa6 Rxe4
41. Ra7+ Kf8 42. Rxh7 Re1+ 43. Kf2 Rd1 44. Rh4 Rd2+ 45. Kf1 Rxd5 1/2-1/2

[Event "17.ETCC 2009"]
[Site "Novi Sad, Serbia"]
[Date "2009.10.27"]
[Round "6.19"]
[White "Ribbegren, Karl Johan"]
[Black "Tate, Alan"]
[Result "0-1"]
[WhiteElo "2158"]
[BlackElo "2175"]
[PlyCount "84"]
[EventDate "2009.10.22"]

1. g3 e5 2. Bg2 Nc6 3. c3 d5 4. d3 Be6 5. Nf3 f6 6. O-O Qd7 7. e4 h5 8. Nbd2
dxe4 9. dxe4 O-O-O 10. b4 Bh3 11. b5 Nb8 12. Qa4 h4 13. Bxh3 Qxh3 14. Qc4 Nh6
15. Nxh4 Ng4 16. Qe6+ Nd7 17. Ndf3 Rxh4 18. gxh4 Qxf3 19. Be3 Nxe3 20. fxe3
Qxe3+ 21. Kg2 Qxe4+ 22. Rf3 Bc5 23. Raf1 Qxh4 24. Rd1 e4 25. Rh3 Qg5+ 26. Kh1
Bd6 27. Qxe4 Qxb5 28. Rh7 f5 29. Qg2 Be5 30. Rh3 Bf6 31. Qc2 Re8 32. c4 Qc6+
33. Kg1 Qc5+ 34. Kf1 Qe5 35. Rhd3 Nc5 36. Rd5 Qf4+ 37. Kg2 Qg4+ 38. Kf1 Qf3+
39. Kg1 Re4 40. Qf2 Rg4+ 41. Kf1 Qh1+ 42. Ke2 Qe4+ 0-1

[Event "17.ETCC 2009"]
[Site "Novi Sad, Serbia"]
[Date "2009.10.27"]
[Round "6.19"]
[White "Stevenson, James"]
[Black "Iclicki, Willy"]
[Result "1/2-1/2"]
[WhiteElo "2089"]
[BlackElo "2052"]
[PlyCount "49"]
[EventDate "2009.10.22"]

1. e4 c6 2. d4 d5 3. exd5 cxd5 4. c4 Nf6 5. Nc3 Nc6 6. Nf3 Bg4 7. cxd5 Nxd5 8.
Qb3 Bxf3 9. gxf3 e6 10. Qxb7 Nxd4 11. Bb5+ Nxb5 12. Qc6+ Ke7 13. Qxb5 Qd7 14.
Nxd5+ Qxd5 15. Qxd5 exd5 16. Be3 Ke6 17. O-O-O Bb4 18. Rd3 Rhc8+ 19. Kb1 Rc7
20. Rhd1 Rd8 21. Bf4 Re7 22. a3 Bc5 23. R1d2 f6 24. Rc2 Bb6 25. Re2+ 1/2-1/2

[Event "17.ETCC 2009"]
[Site "Novi Sad, Serbia"]
[Date "2009.10.28"]
[Round "7.19"]
[White "Morrison, Graham"]
[Black "Gunnarsson, Jon Viktor"]
[Result "1/2-1/2"]
[WhiteElo "2353"]
[BlackElo "2462"]
[PlyCount "35"]
[EventDate "2009.10.22"]

1. d4 Nf6 2. c4 c5 3. d5 b5 4. Nf3 bxc4 5. Nc3 d6 6. e4 g6 7. Bxc4 Nbd7 8. O-O
Bg7 9. h3 O-O 10. Bg5 Rb8 11. Qe2 Qa5 12. Rab1 Nb6 13. Bd3 Na4 14. Nxa4 Qxa4
15. b3 Qa5 16. Bc4 Qc7 17. Rfe1 Bb7 18. Rbd1 1/2-1/2

[Event "17.ETCC 2009"]
[Site "Novi Sad, Serbia"]
[Date "2009.10.28"]
[Round "7.19"]
[White "Arngrimsson, Dagur"]
[Black "Muir, Andrew J"]
[Result "1/2-1/2"]
[WhiteElo "2396"]
[BlackElo "2327"]
[PlyCount "41"]
[EventDate "2009.10.22"]

1. e4 c5 2. Nf3 Nc6 3. d4 cxd4 4. Nxd4 Nf6 5. Nc3 d6 6. Bc4 e6 7. Bb3 Be7 8.
O-O O-O 9. Kh1 a6 10. f4 Nxd4 11. Qxd4 b5 12. a3 Nd7 13. Bd2 Qb6 14. Qd3 Nc5
15. Qe3 Bb7 16. f5 Qc6 17. fxe6 fxe6 18. Nd5 Rae8 19. Ba2 Bf6 20. Nxf6+ gxf6
21. Qh3 1/2-1/2

[Event "17.ETCC 2009"]
[Site "Novi Sad, Serbia"]
[Date "2009.10.28"]
[Round "7.19"]
[White "Tate, Alan"]
[Black "Thorfinnsson, Bjorn"]
[Result "0-1"]
[WhiteElo "2175"]
[BlackElo "2395"]
[PlyCount "58"]
[EventDate "2009.10.22"]

1. e4 e5 2. Nf3 Nc6 3. Bc4 Nf6 4. d3 h6 5. O-O d6 6. a4 g6 7. c3 Bg7 8. Re1 O-O
9. h3 Nh5 10. d4 Qf6 11. d5 Ne7 12. Nh2 Nf4 13. Ng4 Qg5 14. Bxf4 exf4 15. Qf3
f5 16. Nh2 fxe4 17. Rxe4 Be5 18. Nd2 Nf5 19. Rxe5 dxe5 20. Ne4 Qd8 21. Ng4 Nd6
22. Bd3 Nf7 23. Rd1 Kg7 24. Nc5 h5 25. Ne6+ Bxe6 26. dxe6 Ng5 27. Qe2 hxg4 28.
Qxe5+ Qf6 29. Qxc7+ Kh6 0-1

[Event "17.ETCC 2009"]
[Site "Novi Sad, Serbia"]
[Date "2009.10.28"]
[Round "7.19"]
[White "Thorfinnsson, Bragi"]
[Black "Stevenson, James"]
[Result "1/2-1/2"]
[WhiteElo "2360"]
[BlackElo "2089"]
[PlyCount "67"]
[EventDate "2009.10.22"]

1. Nf3 Nf6 2. c4 e6 3. Nc3 d5 4. e3 dxc4 5. Bxc4 c5 6. d4 cxd4 7. exd4 Bb4 8.
O-O O-O 9. Bg5 b6 10. Re1 Bb7 11. Bb3 Nbd7 12. a3 Bxc3 13. bxc3 Qc7 14. Rc1
Rfe8 15. c4 Qd6 16. Ba4 Bc6 17. Bf4 Qxf4 18. Bxc6 Rac8 19. Bb5 Red8 20. Qa4 Rc7
21. Rcd1 Ne4 22. Qb4 Ndf6 23. h3 Nd6 24. a4 Nf5 25. Qb2 h5 26. Rd3 h4 27. Red1
Ne4 28. Ne5 Ng5 29. Nc6 Rd6 30. d5 exd5 31. cxd5 Rg6 32. Ne5 Rd6 33. Nc6 Rg6
34. Ne5 1/2-1/2

[Event "17.ETCC 2009"]
[Site "Novi Sad, Serbia"]
[Date "2009.10.29"]
[Round "8.19"]
[White "Morrison, Graham"]
[Black "Berend, Fred"]
[Result "0-1"]
[WhiteElo "2353"]
[BlackElo "2371"]
[PlyCount "92"]
[EventDate "2009.10.22"]

1. d4 Nf6 2. c4 d6 3. Nc3 g6 4. e4 Bg7 5. Nf3 O-O 6. Be2 Bg4 7. Be3 Nfd7 8. Rc1
a6 9. Ng1 Bxe2 10. Ngxe2 c5 11. O-O Nc6 12. b3 Qa5 13. d5 Nce5 14. a4 Nf6 15.
f3 Ne8 16. Qc2 Qd8 17. Rfd1 b6 18. h3 Nc7 19. f4 Nd7 20. Kh1 Qb8 21. Rb1 Ra7
22. Bd2 Rb7 23. Na2 b5 24. Bc3 Bf6 25. g3 Re8 26. Kg2 Qa8 27. a5 Reb8 28. Kf2
Ne8 29. Ng1 Qa7 30. Nf3 bxc4 31. bxc4 Bxc3 32. Nxc3 Rb4 33. Nd2 Qc7 34. Qa2 Ng7
35. g4 h5 36. g5 h4 37. Qa3 Nh5 38. Ke3 Qc8 39. Ne2 Ne5 40. Kf2 Nxc4 41. Nxc4
Rxb1 42. Rxb1 Rxb1 43. Nb6 Qe8 44. e5 Qb5 45. exd6 exd6 46. Qe3 Rb2 0-1

[Event "17.ETCC 2009"]
[Site "Novi Sad, Serbia"]
[Date "2009.10.29"]
[Round "8.19"]
[White "Jeitz, Christian"]
[Black "Muir, Andrew J"]
[Result "1/2-1/2"]
[WhiteElo "2253"]
[BlackElo "2327"]
[PlyCount "50"]
[EventDate "2009.10.22"]

1. e4 c5 2. Nf3 e6 3. g3 Nc6 4. Bg2 Nf6 5. Qe2 d5 6. d3 Be7 7. O-O O-O 8. Nbd2
b5 9. e5 Nd7 10. h4 a5 11. Re1 b4 12. Nf1 Ba6 13. N1h2 a4 14. a3 Bb5 15. Bg5
Bxg5 16. hxg5 Rc8 17. Qd2 Qe7 18. Ng4 Rfd8 19. Kh2 c4 20. Rh1 cxd3 21. Kg1
Ncxe5 22. Ngxe5 Rxc2 23. Qf4 Nxe5 24. Nxe5 Rdc8 25. Bf1 bxa3 1/2-1/2

[Event "17.ETCC 2009"]
[Site "Novi Sad, Serbia"]
[Date "2009.10.29"]
[Round "8.19"]
[White "Tate, Alan"]
[Black "Linster, Philippe"]
[Result "1/2-1/2"]
[WhiteElo "2175"]
[BlackElo "2230"]
[PlyCount "113"]
[EventDate "2009.10.22"]

1. e4 c5 2. Nf3 d6 3. d4 cxd4 4. Nxd4 Nf6 5. Nc3 a6 6. h3 e6 7. g4 h6 8. Bg2
Nc6 9. Be3 Be7 10. f4 Nd7 11. Nf3 b5 12. O-O Bb7 13. Ne2 O-O 14. Ng3 Na5 15.
Qe2 Rc8 16. Rad1 Qc7 17. c3 Qc4 18. Qf2 Qc7 19. Kh1 Nc4 20. Bc1 Nc5 21. Qe2 d5
22. e5 Nb6 23. Be3 Nba4 24. Rc1 Ne4 25. Nxe4 dxe4 26. Nd2 Nxb2 27. Nxe4 Nc4 28.
Bd4 Ba3 29. Rcd1 Bd5 30. Rf2 Nb2 31. Rd2 Na4 32. f5 Qc4 33. Qe3 Bc1 34. f6 Bxd2
35. Qxd2 Bxe4 36. Bxe4 Nxc3 37. Bb7 Nb1 38. Qb2 Qc1+ 39. Kg2 Qxb2 40. Rxb2 Rc1
41. Bxa6 Na3 42. Bxb5 Nxb5 43. Rxb5 Rc2+ 44. Kg3 Rd8 45. Rb4 Rxa2 46. fxg7 Kxg7
47. h4 Rda8 48. Be3 R8a4 49. Rxa4 Rxa4 50. h5 Ra8 51. Kf3 Kh7 52. Kf4 Rf8 53.
Bc5 Rc8 54. Be3 Kg7 55. Ke4 Rh8 56. Bc5 Rh7 57. Be7 1/2-1/2

[Event "17.ETCC 2009"]
[Site "Novi Sad, Serbia"]
[Date "2009.10.29"]
[Round "8.19"]
[White "Serban, Vlad"]
[Black "Stevenson, James"]
[Result "1-0"]
[WhiteElo "2206"]
[BlackElo "2089"]
[PlyCount "79"]
[EventDate "2009.10.22"]

1. e4 e5 2. Nf3 d6 3. d4 exd4 4. Nxd4 g6 5. Nc3 Bg7 6. Be3 Nf6 7. Qd2 O-O 8.
O-O-O Nc6 9. f3 Nxd4 10. Bxd4 Be6 11. g4 c5 12. Be3 Qa5 13. a3 Rad8 14. g5 Ne8
15. Nd5 Qxd2+ 16. Rxd2 Bxd5 17. Rxd5 Nc7 18. Rd2 Ne6 19. Bc4 Be5 20. h4 Nf4 21.
Rg1 a6 22. Rg4 Ne6 23. c3 b5 24. Bd5 a5 25. f4 Bg7 26. f5 Nc7 27. f6 Bh8 28.
Bc6 b4 29. e5 bxc3 30. bxc3 dxe5 31. Bxc5 Rxd2 32. Kxd2 Rd8+ 33. Kc2 Ne6 34.
Be7 Rb8 35. Re4 h6 36. Rxe5 hxg5 37. hxg5 Rc8 38. Bd7 Rc4 39. Rxa5 Rg4 40. Re5
1-0

[Event "17.ETCC 2009"]
[Site "Novi Sad, Serbia"]
[Date "2009.10.30"]
[Round "9.17"]
[White "Brenjo, Slavisa"]
[Black "Tate, Alan"]
[Result "1-0"]
[WhiteElo "2495"]
[BlackElo "2175"]
[PlyCount "69"]
[EventDate "2009.10.22"]

1. e4 c5 2. Nf3 d6 3. d4 Nf6 4. Nc3 cxd4 5. Nxd4 a6 6. Bg5 Nbd7 7. f4 g6 8. Qe2
Qc7 9. O-O-O Bg7 10. g4 O-O 11. Rg1 e5 12. Nf5 gxf5 13. gxf5 Kh8 14. Rd3 b5 15.
Rdg3 Bb7 16. Bxf6 Nxf6 17. Rxg7 Rg8 18. Rxg8+ Rxg8 19. Rxg8+ Nxg8 20. fxe5 dxe5
21. Qe3 f6 22. a3 Ne7 23. Bd3 Qd6 24. Qa7 Qc7 25. Ne2 Nc8 26. Qe3 Nb6 27. Ng3
Qd6 28. Qh6 Nd7 29. Nh5 Qe7 30. b4 Bc6 31. c3 Bb7 32. Bb1 Bc6 33. Kd2 Nb6 34.
Bd3 Nd7 35. Ke3 1-0